[Event "XXVII Festival Conca della Presolana A"]
[Site "Bratto - Castione della Presolana ITA"]
[Date "2007.08.24"]
[Round "2"]
[White "Tramalloni, Luca"]
[Black "Poletti, Fausto"]
[Result "1-0"]
[WhiteElo "2111"]
[BlackElo "2012"]
[PlyCount "87"]
[EventDate "2007.08.23"]

1. d4 Nf6 2. c4 g6 3. Nc3 Bg7 4. e4 d6 5. Be2 O-O 6. Bg5 Na6 7. Qd2 e5 8. d5
Qe8 9. h4 h5 10. f3 Nh7 11. Be3 f5 12. g3 Nf6 13. Nh3 Bd7 14. O-O-O Rc8 15. Ng5
c6 16. Kb1 cxd5 17. Nxd5 Nc5 18. Nc3 fxe4 19. fxe4 Bc6 20. Bf3 Rd8 21. Qe2 Ne6
22. Nxe6 Qxe6 23. Nd5 b6 24. Rdf1 Bxd5 25. cxd5 Qd7 26. Bg5 Rc8 27. Rfg1 Qa4
28. g4 hxg4 29. Bxg4 Nxg4 30. Rxg4 Rf7 31. b3 Qb4 32. Bd2 Qd4 33. Be3 Qb4 34.
Bd2 Qd4 35. Rxg6 Rf2 36. Rxg7+ Kxg7 37. Qg4+ Kh7 38. Qd7+ Kh8 39. Qxc8+ Kh7 40.
Qd7+ Kh8 41. Qe8+ Kh7 42. Qh5+ Kg8 43. Rg1+ Kf8 44. Qh8+ 1-0

[Event "XXVII Festival Conca della Presolana A"]
[Site "Bratto - Castione della Presolana ITA"]
[Date "2007.08.24"]
[Round "2"]
[White "Turci, Alberto"]
[Black "Stella, Andrea"]
[Result "0-1"]
[WhiteElo "2007"]
[BlackElo "2132"]
[PlyCount "48"]
[EventDate "2007.08.23"]

1. f4 e5 2. fxe5 d6 3. exd6 Bxd6 4. Nf3 Nf6 5. d4 Ng4 6. Qd3 c5 7. Qe4+ Be6 8.
g3 Nf6 9. Qh4 Nc6 10. c3 Qb6 11. Nbd2 cxd4 12. Ne4 Nxe4 13. Qxe4 dxc3 14. bxc3
Qa5 15. Bd2 O-O 16. Ng5 Bf5 17. Qh4 Be7 18. Qf4 Bxg5 19. Qxg5 Qd5 20. Rg1 h6
21. Qf4 Rfe8 22. e3 Rad8 23. Qf2 Ne5 24. c4 Nf3+ 0-1

[Event "XXVII Festival Conca della Presolana A"]
[Site "Bratto - Castione della Presolana ITA"]
[Date "2007.08.24"]
[Round "2"]
[White "Valenti, Giuseppe"]
[Black "Martinez, Rolly"]
[Result "0-1"]
[WhiteElo "2221"]
[BlackElo "2428"]
[PlyCount "44"]
[EventDate "2007.08.23"]

1. e4 c5 2. Nf3 Nc6 3. Bb5 e6 4. O-O Nge7 5. Be2 d5 6. exd5 Nxd5 7. d4 Be7 8.
dxc5 O-O 9. c4 Nf6 10. Nc3 Bxc5 11. Bg5 Qc7 12. Bxf6 gxf6 13. Ne4 Be7 14. Qd2
Kg7 15. Ng3 Rg8 16. Rad1 b6 17. Bd3 Ne5 18. Nh5+ Kh8 19. Nxe5 Qxe5 20. Qh6 f5
21. Rfe1 Qxe1+ 22. Rxe1 Bg5 0-1

[Event "XXVII Festival Conca della Presolana A"]
[Site "Bratto - Castione della Presolana ITA"]
[Date "2007.08.24"]
[Round "2"]
[White "Vocaturo, Daniele"]
[Black "Stips, Felix"]
[Result "0-1"]
[WhiteElo "2459"]
[BlackElo "2041"]
[PlyCount "74"]
[EventDate "2007.08.23"]

1. e4 c5 2. a3 g6 3. c3 Nf6 4. e5 Nd5 5. d4 cxd4 6. Qxd4 Nb6 7. Nf3 Nc6 8. Qh4
d6 9. Bb5 dxe5 10. O-O f6 11. Bh6 Bxh6 12. Qxh6 Be6 13. Qg7 Rg8 14. Bxc6+ bxc6
15. Qxh7 Qd7 16. Qh4 O-O-O 17. Qg3 e4 18. Nfd2 f5 19. Re1 g5 20. Qe5 Qd6 21.
Qxd6 Rxd6 22. b3 Rf8 23. Ra2 Na4 24. Rc2 Nc5 25. c4 Nd3 26. Re2 Bf7 27. Re3 Bg6
28. h3 f4 29. Re2 Rd4 30. Rc3 f3 31. gxf3 Nf4 32. Kf1 Nxe2 33. Kxe2 exf3+ 34.
Rxf3 Bh5 35. Ke3 Rd3+ 36. Ke4 Bxf3+ 37. Nxf3 Rfxf3 0-1

[Event "XXVII Festival Conca della Presolana A"]
[Site "Bratto - Castione della Presolana ITA"]
[Date "2007.08.24"]
[Round "2"]
[White "Zimina, Olga"]
[Black "Dervishi, Erald"]
[Result "1/2-1/2"]
[WhiteElo "2377"]
[BlackElo "2553"]
[PlyCount "87"]
[EventDate "2007.08.23"]

1. e4 e5 2. Nf3 Nc6 3. Bb5 a6 4. Ba4 Nf6 5. O-O Be7 6. Re1 b5 7. Bb3 d6 8. c3
O-O 9. d4 Bg4 10. Be3 exd4 11. cxd4 Na5 12. Bc2 c5 13. dxc5 dxc5 14. Nc3 Nc4
15. e5 Qxd1 16. Raxd1 Nd7 17. Bc1 Ncb6 18. Be4 Rab8 19. h3 Be6 20. Bg5 Bd8 21.
Bxd8 Rfxd8 22. Nd5 Nxd5 23. Bxd5 Nf8 24. Bxe6 Nxe6 25. Rd6 Rxd6 26. exd6 Rd8
27. Rd1 f6 28. Rd5 Kf7 29. Nd2 c4 30. Ne4 g6 31. a4 f5 32. Nc5 bxa4 33. Nxa4
Nf4 34. Rd2 Ke6 35. Nc5+ Kf6 36. Nb7 Rd7 37. Nc5 Rd8 38. Nb7 Rd7 39. Nc5 Rd8
40. Nxa6 Nd3 41. Nc7 Ke5 42. Nb5 Rb8 43. b3 Kf6 44. bxc4 1/2-1/2

[Event "XXVII Festival Conca della Presolana A"]
[Site "Bratto - Castione della Presolana ITA"]
[Date "2007.08.25"]
[Round "3"]
[White "Aagaard, Jacob"]
[Black "Bellia, Fabrizio"]
[Result "1-0"]
[WhiteElo "2467"]
[BlackElo "2405"]
[PlyCount "161"]
[EventDate "2007.08.23"]

1. d4 Nf6 2. c4 e6 3. Nf3 Bb4+ 4. Nbd2 d5 5. a3 Be7 6. Qc2 O-O 7. e4 dxe4 8.
Nxe4 Nxe4 9. Qxe4 f5 10. Qc2 c5 11. dxc5 a5 12. Bd2 Bxc5 13. Bc3 Nc6 14. Rd1
Qc7 15. Be2 b6 16. O-O e5 17. Qd2 Rd8 18. Qg5 Re8 19. Rd5 Be6 20. Bxe5 Nxe5 21.
Rxe5 Bd6 22. Rxe6 Rxe6 23. Qxf5 Rae8 24. Bd3 g6 25. Qg4 Kh8 26. h4 Qg7 27. g3
Bc5 28. Kg2 h5 29. Qg5 Rd6 30. Rd1 Rf8 31. Rd2 Rff6 32. Be4 Rxd2 33. Qxd2 Rd6
34. Bd5 Rf6 35. b4 axb4 36. axb4 Bd6 37. Ng5 Qe7 38. Ne4 Kg7 39. Nxf6 Qxf6 40.
c5 bxc5 41. b5 Be5 42. Qa2 Bd4 43. Qa7+ Kh6 44. Qf7 Qd6 45. Bc4 Qb6 46. Qf4+
Kg7 47. Qf7+ Kh6 48. Qe6 Qb7+ 49. Qd5 Qb8 50. f4 Bf6 51. Qe6 Qd8 52. Qe4 Qd2+
53. Kh3 Qd7+ 54. Kg2 Qd2+ 55. Be2 Qb2 56. Kh3 c4 57. Bxc4 Qd4 58. Qc6 Bd8 59.
Bf7 Qd3 60. Bc4 Qd4 61. Qe8 Bb6 62. Bd3 Qf6 63. Be4 Kg7 64. Qd7+ Qf7 65. Qc6
Qf6 66. Bc2 Bd4 67. Qd7+ Kh6 68. f5 gxf5 69. Bxf5 Qg7 70. Qd6+ Qf6 71. Qxf6+
Bxf6 72. b6 Bd8 73. b7 Bc7 74. Kg2 Bb8 75. Be4 Bc7 76. Bf3 Bb8 77. Kh3 Bc7 78.
Bxh5 Kxh5 79. g4+ Kg6 80. h5+ Kg5 81. Kg2 1-0

[Event "XXVII Festival Conca della Presolana A"]
[Site "Bratto - Castione della Presolana ITA"]
[Date "2007.08.25"]
[Round "3"]
[White "Andreoli, Renato"]
[Black "Melotti, Dario"]
[Result "1/2-1/2"]
[WhiteElo "2145"]
[BlackElo "2067"]
[PlyCount "24"]
[EventDate "2007.08.23"]

1. Nf3 c5 2. g3 Nc6 3. d4 cxd4 4. Nxd4 Qb6 5. Nb3 e6 6. c4 Nf6 7. Bg2 Ne5 8.
N1d2 Be7 9. O-O O-O 10. Qc2 d6 11. Qc3 Nc6 12. Nf3 a5 1/2-1/2

[Event "XXVII Festival Conca della Presolana A"]
[Site "Bratto - Castione della Presolana ITA"]
[Date "2007.08.25"]
[Round "3"]
[White "Andreolini, Mauro"]
[Black "Parodi, Alessandro"]
[Result "1/2-1/2"]
[WhiteElo "2219"]
[BlackElo "1961"]
[PlyCount "50"]
[EventDate "2007.08.23"]

1. e4 d6 2. d4 Nf6 3. Nc3 g6 4. Bg5 Bg7 5. Qd2 O-O 6. O-O-O c6 7. f3 b5 8. Kb1
Re8 9. Bh6 Bxh6 10. Qxh6 Qa5 11. Nce2 Be6 12. Nc1 Nbd7 13. h4 Rab8 14. h5 Rb6
15. hxg6 Bxa2+ 16. Nxa2 Ra6 17. gxf7+ Kxf7 18. Nh3 Rg8 19. Ng5+ Ke8 20. e5 dxe5
21. dxe5 Nxe5 22. Nxh7 Qxa2+ 23. Kc1 Qa1+ 24. Kd2 Qxb2 25. Nxf6+ exf6 1/2-1/2

[Event "XXVII Festival Conca della Presolana A"]
[Site "Bratto - Castione della Presolana ITA"]
[Date "2007.08.25"]
[Round "3"]
[White "Astengo, Corrado"]
[Black "Testa, Adriano"]
[Result "1/2-1/2"]
[WhiteElo "2109"]
[BlackElo "1927"]
[PlyCount "87"]
[EventDate "2007.08.23"]

1. e4 c6 2. d4 d5 3. Nd2 dxe4 4. Nxe4 Nd7 5. Bc4 Ngf6 6. Ng5 e6 7. Qe2 Nb6 8.
Bb3 h6 9. N5f3 a5 10. c3 c5 11. Be3 Qc7 12. Ne5 a4 13. Bc2 Nbd5 14. a3 Nd7 15.
Ngf3 Bd6 16. Nxd7 Bxd7 17. dxc5 Bxc5 18. Bxc5 Qxc5 19. O-O Bb5 20. Bd3 Bxd3 21.
Qxd3 O-O 22. Rad1 Qb6 23. Qc2 Qc7 24. Rd4 b5 25. Re1 Rfc8 26. Qd3 Qb7 27. Ne5
Rc5 28. Ng4 Rc4 29. g3 Rac8 30. Ne5 Rxd4 31. Qxd4 Qb6 32. Qg4 Nf6 33. Qe2 Rd8
34. Rd1 Rd5 35. Rxd5 Nxd5 36. Qh5 Qc7 37. Qe2 Qd6 38. c4 bxc4 39. Nxc4 Qa6 40.
Qc2 Qc6 41. Ne3 Qxc2 42. Nxc2 Nb6 43. Ne3 Kf8 44. Kf1 1/2-1/2

[Event "XXVII Festival Conca della Presolana A"]
[Site "Bratto - Castione della Presolana ITA"]
[Date "2007.08.25"]
[Round "3"]
[White "Borgo, Giulio"]
[Black "Godena, Michele"]
[Result "1/2-1/2"]
[WhiteElo "2421"]
[BlackElo "2547"]
[PlyCount "24"]
[EventDate "2007.08.23"]

1. e4 e5 2. Nf3 Nc6 3. Bb5 Nf6 4. O-O Nxe4 5. Re1 Nd6 6. Nxe5 Be7 7. Bd3 O-O 8.
Nc3 Nxe5 9. Rxe5 Bf6 10. Re1 b6 11. b3 Bb7 12. Ba3 c5 1/2-1/2

[Event "XXVII Festival Conca della Presolana A"]
[Site "Bratto - Castione della Presolana ITA"]
[Date "2007.08.25"]
[Round "3"]
[White "Brunello, Marina"]
[Black "Bove, Alessandro"]
[Result "1/2-1/2"]
[WhiteElo "1947"]
[BlackElo "2173"]
[PlyCount "35"]
[EventDate "2007.08.23"]

1. e4 c6 2. d4 d5 3. e5 Na6 4. Nf3 g6 5. Nbd2 Nc7 6. Bd3 Bg7 7. O-O Nh6 8. Re1
Bg4 9. h3 Bxf3 10. Nxf3 Qd7 11. Bxh6 Bxh6 12. c3 Ne6 13. b4 b6 14. a4 O-O 15.
a5 Nf4 16. Bf1 g5 17. Ra2 Qf5 18. Nh2 1/2-1/2

[Event "XXVII Festival Conca della Presolana A"]
[Site "Bratto - Castione della Presolana ITA"]
[Date "2007.08.25"]
[Round "3"]
[White "Brunello, Sabino"]
[Black "Mogranzini, Roberto"]
[Result "0-1"]
[WhiteElo "2475"]
[BlackElo "2411"]
[PlyCount "82"]
[EventDate "2007.08.23"]

1. e4 c5 2. Nf3 d6 3. d4 cxd4 4. Nxd4 Nf6 5. Nc3 g6 6. Be3 Bg7 7. f3 O-O 8. Qd2
Nc6 9. Bc4 Nd7 10. O-O-O Nb6 11. Bb3 Na5 12. Qe2 Nxb3+ 13. axb3 a5 14. Ndb5 a4
15. Bxb6 Qxb6 16. bxa4 Be6 17. b3 Rfc8 18. Nd5 Qd8 19. c4 Bd7 20. Ndc3 Qa5 21.
Kc2 Rc5 22. Rb1 Qb4 23. Qd3 Bxb5 24. Nxb5 Rxb5 25. cxb5 Rc8+ 26. Kd1 Bh6 27. e5
Rc3 28. Qd5 Rc5 29. Qd3 Rc3 30. Qd5 Rc4 31. bxc4 Qxb1+ 32. Ke2 Qxh1 33. Kf2
Qxh2 34. e6 Qh4+ 35. Ke2 fxe6 36. Qxe6+ Kf8 37. a5 Qd4 38. f4 Qxf4 39. a6 Qd2+
40. Kf3 bxa6 41. bxa6 Qd3+ 0-1

[Event "XXVII Festival Conca della Presolana A"]
[Site "Bratto - Castione della Presolana ITA"]
[Date "2007.08.25"]
[Round "3"]
[White "Buono, Michele"]
[Black "Horvath, Csaba"]
[Result "0-1"]
[WhiteElo "2170"]
[BlackElo "2558"]
[PlyCount "52"]
[EventDate "2007.08.23"]

1. e4 c5 2. Nf3 e6 3. b4 cxb4 4. a3 b6 5. axb4 Bb7 6. e5 Bxb4 7. c3 Be7 8. d4
d6 9. Bd3 Nd7 10. Bf4 dxe5 11. dxe5 Nh6 12. O-O g5 13. Bc1 Ng4 14. Ra4 Ndxe5
15. Bb5+ Kf8 16. Rd4 Qc7 17. Nxg5 Bxg5 18. f4 h5 19. Ba3+ Be7 20. Bxe7+ Qxe7
21. fxe5 Ne3 22. Qe2 Nxf1 23. Kxf1 Rd8 24. Qd2 Rxd4 25. Qxd4 Qg5 26. g3 Kg7 0-1

[Event "XXVII Festival Conca della Presolana A"]
[Site "Bratto - Castione della Presolana ITA"]
[Date "2007.08.25"]
[Round "3"]
[White "Burmakin, Vladimir"]
[Black "Zimina, Olga"]
[Result "1/2-1/2"]
[WhiteElo "2581"]
[BlackElo "2377"]
[PlyCount "54"]
[EventDate "2007.08.23"]

1. d4 Nf6 2. c4 e6 3. Nf3 c5 4. d5 exd5 5. cxd5 d6 6. Nc3 g6 7. Nd2 Bg7 8. e4
O-O 9. Be2 Re8 10. O-O Na6 11. Re1 Rb8 12. h3 Nc7 13. a4 b6 14. Bf1 a6 15. Rb1
b5 16. b4 Nd7 17. Na2 bxa4 18. Nc4 Nb5 19. Bb2 Bxb2 20. Rxb2 Qf6 21. Qf3 a3 22.
Rbb1 Qxf3 23. gxf3 Bb7 24. Ne3 f5 25. Bg2 cxb4 26. Nxb4 Ne5 27. Ra1 27... f4 {
...} 1/2-1/2

[Event "XXVII Festival Conca della Presolana A"]
[Site "Bratto - Castione della Presolana ITA"]
[Date "2007.08.25"]
[Round "3"]
[White "Capece, Adolivio"]
[Black "Bonazzi, Edoardo"]
[Result "0-1"]
[WhiteElo "2049"]
[BlackElo "2185"]
[PlyCount "78"]
[EventDate "2007.08.23"]

1. c4 c5 2. Nc3 Nc6 3. g3 g6 4. Bg2 Bg7 5. d3 d6 6. Nf3 e5 7. Nd5 Nce7 8. Bg5
h6 9. Bd2 Be6 10. Qa4+ Bd7 11. Qb3 Rb8 12. Nc3 Nf6 13. a4 O-O 14. O-O Be6 15.
e4 Nh5 16. Qd1 Qd7 17. Rb1 Nc6 18. Nd5 Bg4 19. b4 b6 20. a5 Nd4 21. Be3 Be6 22.
Qd2 Kh7 23. Bxd4 cxd4 24. axb6 axb6 25. Ra1 b5 26. Ra5 f5 27. Rfa1 fxe4 28.
dxe4 bxc4 29. Ne1 Rb7 30. Bf1 Nf6 31. Nxf6+ Bxf6 32. Nc2 Rfb8 33. Ra8 Qc8 34.
Rxb8 Qxb8 35. Rb1 d5 36. f3 dxe4 37. fxe4 Be7 38. Qf2 d3 39. Ne1 Rxb4 0-1

[Event "XXVII Festival Conca della Presolana A"]
[Site "Bratto - Castione della Presolana ITA"]
[Date "2007.08.25"]
[Round "3"]
[White "Castrogiovanni, Carlo"]
[Black "Tommaselli, Giacomo"]
[Result "1-0"]
[WhiteElo "2086"]
[BlackElo "2030"]
[PlyCount "63"]
[EventDate "2007.08.23"]

1. Nf3 Nf6 2. c4 e6 3. g3 d5 4. Bg2 Bd6 5. d4 c6 6. b3 Nbd7 7. Bb2 Ne4 8. O-O
O-O 9. Nbd2 f5 10. Ne5 Nxd2 11. Qxd2 Nxe5 12. dxe5 Be7 13. cxd5 cxd5 14. Rfd1
Bd7 15. Bxd5 Qb6 16. Bd4 Bc5 17. Bxc5 Qxc5 18. Bxb7 Rad8 19. Qd6 Qc2 20. Rd2
Qc3 21. Rad1 Rfe8 22. Qd4 Qa5 23. Qb2 Qc7 24. Bf3 Bb5 25. Rd6 Rxd6 26. exd6 Qd7
27. Qe5 Rc8 28. Rd4 Rc1+ 29. Kg2 Bc6 30. Rc4 Bxf3+ 31. exf3 Rd1 32. Rc7 1-0

[Event "XXVII Festival Conca della Presolana A"]
[Site "Bratto - Castione della Presolana ITA"]
[Date "2007.08.25"]
[Round "3"]
[White "Chkhaidze, Nikoloz"]
[Black "Chierici, Marianna"]
[Result "1-0"]
[WhiteElo "2183"]
[BlackElo "2004"]
[PlyCount "83"]
[EventDate "2007.08.23"]

1. e4 d6 2. d4 Nf6 3. Nc3 e5 4. Nf3 Nbd7 5. Bc4 Be7 6. O-O O-O 7. Qe2 c6 8. Rd1
b5 9. dxe5 dxe5 10. Nxe5 Nxe5 11. Rxd8 Rxd8 12. Bd3 b4 13. Na4 Nxd3 14. cxd3
Ba6 15. Bg5 Bxd3 16. Qe3 Bb5 17. Nc5 Ng4 18. Qf4 Nf6 19. Bxf6 Bxf6 20. e5 Be7
21. Ne4 Rd5 22. h4 Rad8 23. h5 h6 24. Re1 Rd1 25. Rxd1 Rxd1+ 26. Kh2 Bc4 27.
Nf6+ gxf6 28. Qg4+ Kf8 29. Qxd1 fxe5 30. Qc1 Bxa2 31. Qxh6+ Kg8 32. Qxc6 Kg7
33. h6+ Kh7 34. Qc2+ Kxh6 35. b3 Bxb3 36. Qxb3 Kg6 37. Qa4 Kf6 38. Qxa7 Ke6 39.
g4 Bd6 40. Kg2 f6 41. Kf3 Kd5 42. Qb7+ 1-0

[Event "XXVII Festival Conca della Presolana A"]
[Site "Bratto - Castione della Presolana ITA"]
[Date "2007.08.25"]
[Round "3"]
[White "Cugini, Verter"]
[Black "Esplugas Esteve, Vicenc"]
[Result "1-0"]
[WhiteElo "2199"]
[BlackElo "2012"]
[PlyCount "117"]
[EventDate "2007.08.23"]

1. e4 e6 2. d4 d5 3. Nd2 Be7 4. e5 c5 5. c3 Nc6 6. Ndf3 Qb6 7. Bd3 cxd4 8. cxd4
Bb4+ 9. Kf1 Nh6 10. Bxh6 gxh6 11. Ne2 Be7 12. Qb1 Bd7 13. Bxh7 Rc8 14. a3 Na5
15. b4 Nc4 16. Bd3 Rg8 17. h4 Rg4 18. Rh3 Qd8 19. Bxc4 Rxc4 20. Qh7 Bf8 21. Rg3
Rxg3 22. Nxg3 Bb5 23. Kg1 Rc3 24. Nh5 Rxf3 25. gxf3 Qxh4 26. Nf6+ Ke7 27. Qg8
Qxd4 28. Re1 Qd2 29. Re3 Qc1+ 30. Kh2 Qf1 31. Qg3 Bg7 32. Ng4 Bd3 33. f4 Bf5
34. Qh4+ Kd7 35. Rg3 d4 36. Rg1 Qe2 37. Kg3 d3 38. Ne3 d2 39. Qh1 Kc8 40. Nxf5
exf5 41. Qf3 Qa6 42. Rd1 Qg6+ 43. Kh2 f6 44. Rxd2 fxe5 45. Qc3+ Qc6 46. Qxc6+
bxc6 47. Rd6 exf4 48. Rxc6+ Kb7 49. Rg6 Bd4 50. Kg2 h5 51. Rh6 Bb2 52. a4 Ba3
53. b5 Bc1 54. Kf3 h4 55. a5 Bd2 56. Rh7+ Kb8 57. a6 Bc1 58. Rb7+ Ka8 59. Rc7
1-0

[Event "XXVII Festival Conca della Presolana A"]
[Site "Bratto - Castione della Presolana ITA"]
[Date "2007.08.25"]
[Round "3"]
[White "D'Apa, Matteo"]
[Black "Moncelli, Giorgio"]
[Result "1-0"]
[WhiteElo "2055"]
[BlackElo "2147"]
[PlyCount "93"]
[EventDate "2007.08.23"]

1. d4 d5 2. c4 c6 3. Nc3 Nf6 4. Nf3 a6 5. c5 Bf5 6. Bg5 Nbd7 7. e3 h6 8. Bh4 g5
9. Bg3 Bg7 10. Bd3 Bxd3 11. Qxd3 Nh5 12. b4 Nxg3 13. hxg3 e5 14. Qe2 O-O 15.
O-O Re8 16. Qc2 exd4 17. Nxd4 Qf6 18. Rac1 Ne5 19. Nf5 Bf8 20. Ne2 Ng4 21. Ned4
h5 22. Rce1 Nh6 23. Re2 Re5 24. Nxh6+ Bxh6 25. Rfe1 Rae8 26. e4 dxe4 27. Rxe4
Bg7 28. Rxe5 Rxe5 29. Rxe5 Qxe5 30. Nf3 Qd5 31. a3 Bf6 32. Nd2 Qe5 33. Ne4 Be7
34. Qd3 Kg7 35. Nd2 Qe1+ 36. Nf1 Bf6 37. Kh2 Qxf2 38. Ne3 h4 39. Nf5+ Kh8 40.
gxh4 gxh4 41. Qe4 Kh7 42. Nxh4+ Kg7 43. Nf5+ Kf8 44. Nd6 Bg5 45. Qe8+ Kg7 46.
Qe5+ Kg6 47. Qxg5+ 1-0

[Event "XXVII Festival Conca della Presolana A"]
[Site "Bratto - Castione della Presolana ITA"]
[Date "2007.08.25"]
[Round "3"]
[White "De Santis, Alessio"]
[Black "Lampl, Gerald"]
[Result "1-0"]
[WhiteElo "2345"]
[BlackElo "2099"]
[PlyCount "143"]
[EventDate "2007.08.23"]

1. d4 Nf6 2. c4 e6 3. Nc3 Bb4 4. f3 c5 5. d5 Bxc3+ 6. bxc3 d6 7. e4 e5 8. Bd3
Nbd7 9. Ne2 Nf8 10. Be3 Bd7 11. h4 h5 12. Rb1 Qc7 13. Qb3 O-O-O 14. Qa3 Kb8 15.
Kd2 Bc8 16. Rb5 N8d7 17. Rhb1 Ka8 18. Nc1 Nb8 19. Bf1 Nfd7 20. Nd3 Na6 21. g3
Nb6 22. Nf2 f6 23. Kd3 g6 24. Qb3 Bd7 25. Ra5 Rb8 26. Qa3 Nxc4 27. Kxc4 b5+ 28.
Rbxb5 Rxb5 29. Rxb5 Bxb5+ 30. Kxb5 Qb6+ 31. Kc4 Rb8 32. Qa4 Rb7 33. Qe8+ Nb8
34. Qa4 Qb1 35. Bd3 Qe1 36. Nd1 Qxg3 37. Be2 Qxh4 38. Kd3 f5 39. Qe8 Qe1 40. c4
Qb4 41. Nc3 Qa3 42. Bd1 f4 43. Bd2 Rb4 44. Qxg6 h4 45. Qg4 Qb2 46. Qxh4 Rxc4
47. Kxc4 Qxd2 48. Qd8 Qd4+ 49. Kb3 c4+ 50. Kb2 Qf2+ 51. Bc2 Qxf3 52. Qxd6 Qe3
53. Qxe5 f3 54. Nd1 Qb6+ 55. Kc3 Qa5+ 56. Kxc4 Qxa2+ 57. Kd3 Qa6+ 58. Kd2 Qa5+
59. Qc3 Qxc3+ 60. Kxc3 Nd7 61. Kd4 Kb7 62. e5 Nb6 63. Be4 Kc7 64. Bxf3 a5 65.
d6+ Kd7 66. Kc5 Na4+ 67. Kb5 Nc3+ 68. Nxc3 a4 69. Bg4+ Kd8 70. e6 a3 71. Kc6 a2
72. e7+ 1-0

[Event "XXVII Festival Conca della Presolana A"]
[Site "Bratto - Castione della Presolana ITA"]
[Date "2007.08.25"]
[Round "3"]
[White "Dervishi, Erald"]
[Black "Isonzo, David"]
[Result "1-0"]
[WhiteElo "2553"]
[BlackElo "2356"]
[PlyCount "55"]
[EventDate "2007.08.23"]

1. e4 c5 2. Nf3 d6 3. d4 cxd4 4. Nxd4 Nf6 5. Nc3 g6 6. Be3 Bg7 7. Bc4 O-O 8. f3
Nc6 9. Qd2 Bd7 10. O-O-O Rc8 11. Bb3 Ne5 12. Kb1 Re8 13. h4 h5 14. Bh6 Bh8 15.
g4 Nc4 16. Qe2 Na3+ 17. Ka1 Rxc3 18. bxc3 Qa5 19. Qd3 e5 20. Ne2 d5 21. Bc1 Bb5
22. Qe3 d4 23. cxd4 exd4 24. Nxd4 Nd5 25. Qd2 Nb4 26. Bxa3 Qxa3 27. c3 Bd3 28.
Qb2 1-0

[Event "XXVII Festival Conca della Presolana A"]
[Site "Bratto - Castione della Presolana ITA"]
[Date "2007.08.25"]
[Round "3"]
[White "Di Lascio, Savino"]
[Black "Castelfranchi, Carlo"]
[Result "1/2-1/2"]
[WhiteElo "2014"]
[BlackElo "2114"]
[PlyCount "98"]
[EventDate "2007.08.23"]

1. Nf3 Nf6 2. g3 g6 3. Bg2 Bg7 4. d3 d5 5. O-O O-O 6. c3 c5 7. Nbd2 Nc6 8. Re1
Qb6 9. e4 dxe4 10. dxe4 Rd8 11. Qe2 Ng4 12. Nc4 Qa6 13. Be3 Be6 14. Bf1 Nxe3
15. Nxe3 Qxe2 16. Bxe2 Bh6 17. Bb5 Rac8 18. Bxc6 Rxc6 19. Nd5 Bxd5 20. exd5 Rc7
21. c4 Bg7 22. Rab1 Rd6 23. Ng5 Bd4 24. Ne4 Ra6 25. a3 Kg7 26. Kf1 h6 27. g4
Rb6 28. b3 Ra6 29. a4 e6 30. d6 Rd7 31. Red1 f5 32. Rxd4 fxe4 33. Rxe4 Raxd6
34. Rbe1 Kf7 35. h3 Rd3 36. R1e3 Rxe3 37. Rxe3 Rd1+ 38. Ke2 Rb1 39. f4 Kf6 40.
Kf3 g5 41. fxg5+ hxg5 42. Ke4 b6 43. Rf3+ Ke7 44. Re3 Kf6 45. Rf3+ Ke7 46. Re3
a5 47. Kf3 Kf6 48. Kf2 Rb2+ 49. Kg3 Rb1 1/2-1/2

[Event "XXVII Festival Conca della Presolana A"]
[Site "Bratto - Castione della Presolana ITA"]
[Date "2007.08.25"]
[Round "3"]
[White "Djabri, Zafer M."]
[Black "Ranfagni, Stefano"]
[Result "1-0"]
[WhiteElo "2091"]
[BlackElo "2031"]
[PlyCount "41"]
[EventDate "2007.08.23"]

1. c4 e6 2. e4 c5 3. Nc3 Nc6 4. g3 Nf6 5. Bg2 d6 6. Nge2 Be7 7. O-O h5 8. d4
cxd4 9. Nxd4 Ne5 10. Bg5 Nfg4 11. Bxe7 Qxe7 12. Ndb5 h4 13. f4 Nxh2 14. fxe5
Nxf1 15. Nxd6+ Kf8 16. Qxf1 hxg3 17. Rd1 a6 18. Qf3 b5 19. Nxf7 Qc5+ 20. Kf1
Rh4 21. Ng5+ 1-0

[Event "XXVII Festival Conca della Presolana A"]
[Site "Bratto - Castione della Presolana ITA"]
[Date "2007.08.25"]
[Round "3"]
[White "Drabke, Lorenz Maximilian"]
[Black "Cebalo, Miso"]
[Result "1/2-1/2"]
[WhiteElo "2416"]
[BlackElo "2533"]
[PlyCount "70"]
[EventDate "2007.08.23"]

1. e4 e5 2. Nf3 Nc6 3. Bc4 Nf6 4. d3 Bc5 5. c3 a6 6. Bb3 Ba7 7. Nbd2 O-O 8. O-O
d6 9. Nc4 Ne7 10. Bg5 Ng6 11. Nh4 Nxh4 12. Bxh4 h6 13. Qe2 g5 14. Bg3 Bg4 15.
Qd2 Nh5 16. d4 Nxg3 17. fxg3 c5 18. dxc5 Bxc5+ 19. Kh1 Qe7 20. Ne3 Bxe3 21.
Qxe3 Kg7 22. h3 Be6 23. g4 Bxb3 24. axb3 Rac8 25. Rad1 Rc6 26. Rd5 Rh8 27. Qf3
Qe6 28. Rfd1 Rb6 29. Qf2 Rc6 30. Qf5 Re8 31. Kh2 Kf8 32. Kg1 Qxf5 33. gxf5 Ke7
34. Kf2 h5 35. g3 Rec8 1/2-1/2

[Event "XXVII Festival Conca della Presolana A"]
[Site "Bratto - Castione della Presolana ITA"]
[Date "2007.08.25"]
[Round "3"]
[White "Dvirnyy, Danyyil"]
[Black "Tramalloni, Luca"]
[Result "1/2-1/2"]
[WhiteElo "2365"]
[BlackElo "2111"]
[PlyCount "67"]
[EventDate "2007.08.23"]

1. e4 e6 2. Nf3 c5 3. d4 cxd4 4. Nxd4 Bc5 5. Nb3 Bb6 6. Nc3 Ne7 7. Bg5 Nbc6 8.
Qd2 f6 9. Bf4 d5 10. exd5 Nxd5 11. Bg3 Nxc3 12. Qxc3 e5 13. Bc4 Qe7 14. O-O-O
Be6 15. f4 Rc8 16. Bxe6 Qxe6 17. fxe5 Nxe5 18. Qb4 Nc6 19. Qa3 Kf7 20. Rhe1 Qg4
21. Nd2 Qb4 22. Qf3 Rhd8 23. a3 Qb5 24. Ne4 Nd4 25. Rxd4 Bxd4 26. c3 Be5 27.
Ng5+ Kg8 28. Rxe5 fxe5 29. Qf7+ Kh8 30. Qf5 Qd3 31. Nf7+ Kg8 32. Nh6+ Kh8 33.
Nf7+ Kg8 34. Nh6+ 1/2-1/2

[Event "XXVII Festival Conca della Presolana A"]
[Site "Bratto - Castione della Presolana ITA"]
[Date "2007.08.25"]
[Round "3"]
[White "Esen, Baris"]
[Black "Rossi, Carlo"]
[Result "1-0"]
[WhiteElo "2441"]
[BlackElo "2340"]
[PlyCount "81"]
[EventDate "2007.08.23"]

1. d4 Nc6 2. Nf3 d6 3. c4 g6 4. d5 Nb8 5. e4 Bg7 6. Be2 e6 7. Nc3 exd5 8. cxd5
Nf6 9. O-O O-O 10. Be3 Re8 11. Qc2 c5 12. dxc6 bxc6 13. Rad1 Qe7 14. Rfe1 Nbd7
15. Bf4 Ne5 16. Nxe5 dxe5 17. Be3 Ng4 18. Bxg4 Bxg4 19. Rc1 f5 20. f3 f4 21.
Bf2 Be6 22. Na4 g5 23. Qxc6 g4 24. Nc5 gxf3 25. Qxe6+ Qxe6 26. Nxe6 Rxe6 27.
gxf3 Ra6 28. a3 Rb8 29. Re2 Rb7 30. Rc8+ Kf7 31. Rec2 Kg6 32. R8c6+ Rxc6 33.
Rxc6+ Kh5 34. b4 Rd7 35. Ra6 Rd3 36. Kg2 Rd2 37. Kf1 h6 38. Rxa7 Bf6 39. Ra6
Be7 40. Re6 Bf6 41. Rxf6 1-0

[Event "XXVII Festival Conca della Presolana A"]
[Site "Bratto - Castione della Presolana ITA"]
[Date "2007.08.25"]
[Round "3"]
[White "Gallucci, Alessio"]
[Black "Brun, Dario"]
[Result "1/2-1/2"]
[WhiteElo "2006"]
[BlackElo "2207"]
[PlyCount "91"]
[EventDate "2007.08.23"]

1. e4 e5 2. Nf3 Nc6 3. d4 exd4 4. Nxd4 Bc5 5. Be3 Qf6 6. Nb5 Bxe3 7. fxe3 Qh4+
8. g3 Qxe4 9. Nxc7+ Kd8 10. Nxa8 Qxh1 11. Nc3 Nf6 12. Qd2 Qf3 13. Be2 Qf5 14.
O-O-O Qe6 15. Bf3 Re8 16. e4 Ne5 17. Bh1 Qc6 18. Nd5 Nxd5 19. exd5 Qh6 20. Qxh6
gxh6 21. d6 Re6 22. Nc7 Rf6 23. b3 Ng4 24. Rd4 Nxh2 25. Bg2 h5 26. c4 b6 27. b4
Ng4 28. c5 bxc5 29. bxc5 Rf5 30. Bd5 Ne5 31. Kb2 f6 32. Kc3 Rg5 33. Rf4 Rxg3+
34. Kc2 Rg6 35. Be4 Rh6 36. Nd5 Bb7 37. Ne7 Bxe4+ 38. Rxe4 Nc6 39. Nxc6+ dxc6
40. Ra4 h4 41. Rxa7 Rh5 42. Ra8+ Kd7 43. Ra7+ Kc8 44. Ra8+ Kd7 45. Ra7+ Kc8 46.
Ra8+ 1/2-1/2